Oscillator circuits /

Saved in:
Bibliographic Details
Main Author: Graf, Rudolf F.
Format: Book
Language:English
Published: Boston, Mass. : Newnes, 1996.
Subjects:
LEADER 01343nam a22003018a 4500
001 c000314188
003 CARM
005 00000000000000.0
008 960909s1996 mau 00000 eng
010 |a 96043977 
019 1 |a 12780380  |z 21392961  |5 LACONCORD2021 
020 |a 0750698837 (alk. paper) 
035 |a (OCoLC)35559257  |5 LACONCORD2021 
050 0 0 |a TK7872.O7  |b G68 1996 
082 0 0 |a 621.381533  |2 20 
100 1 |a Graf, Rudolf F. 
240 1 0 |a Modern oscillator circuit encyclopedia. 
245 0 0 |a Oscillator circuits /  |c Rudolf F. Graf. 
260 |a Boston, Mass. :  |b Newnes,  |c 1996. 
300 |a 184 p. 
505 0 |a 1. Audio Oscillators -- 2. Crystal Oscillators -- 3. Function Generators -- 4. Miscellaneous Oscillators -- 5. Multivibrators and Squarewave Oscillators -- 6. RF Oscillators -- 7. Sirens, Warblers and Wailers -- 8. Voltage-Controlled Oscillators. 
500 |a Originally published: The modern oscillator circuit encyclopedia. Blue Ridge Summit, PA : TAB Books, c1992. 
500 |a Includes index. 
650 0 |a Oscillators, Electric. 
650 0 |a Electronic circuits. 
852 8 |b CARM  |h A3:AD01F0  |i C11421  |p 0471763  |f BK 
999 f f |i dda98f1e-463e-56f9-be2f-77f4ffc6540a  |s 54ca58fa-772f-541d-a157-4e5dfa5b3f73 
952 f f |p Can circulate  |a CAVAL  |b CAVAL  |c CAVAL  |d CARM 1 Store  |e C11421  |f A3:AD01F0  |h Other scheme  |i book  |m 0471763